000 00666nam a2200229Ia 4500
003 OSt
005 20220918202018.0
006 a|||||r|||| 00| 0
007 ta
008 220917b |||||||| |||| 00| 0 eng d
024 _a98,119
037 _cTextual
040 _aARTS
_cARTS
_beng
041 _2eng
_aeng
082 _aV2:260:MV4:9ZqN3, G8
100 _aPuri Jagan Nath
_9101769
245 0 _aCantonments Act, 1924 (II f 1924)........and the Cantonments (House-Accommodation Act, 1923) (VI of 1923),
260 _c1938
650 _aHISTORY
942 _hV2:260:MV4:9ZqN3, G8
_cTEXL
_2CC
999 _c221712
_d221712